Normal view
MARC view
- المدينة المنورة - جغرافيا
Entry Topical Term
001 - CONTROL NUMBER
- control field: 56926
003 - CONTROL NUMBER IDENTIFIER
- control field: JO-AjAnu
005 - DATE AND TIME OF LATEST TRANSACTION
- control field: 20230606083327.0
008 - FIXED-LENGTH DATA ELEMENTS
- fixed length control field: 230606|| aca||aabn | a|a d
040 ## - CATALOGING SOURCE
- Original cataloging agency: JO-AjAnu
- Transcribing agency: JO-AjAnu
150 ## - HEADING--TOPICAL TERM
- Topical term or geographic name entry element: المدينة المنورة - جغرافيا
670 ## - SOURCE DATA FOUND
- Source citation: Work cat.: (JO-AjAnu)29047: اشراف وتحرير الروثي، محمد احمد، اشراف وتحرير مصطفى محمد خوجلي, author 56925, المدينة المنورة: البيئة والإنسان = Al-MADINAHAL_MUNAWWARAH: MAN AND HIS ENVIRONMENT